Statistics for James Harden Trivia

Click here to take the quiz!

General Stats

  • This quiz has been taken 8,254 times
    (3,292 since last reset)
  • The average score is 10 of 15

Answer Stats

HintAnswer% Correct
What two NBA teams has he played for before Brooklyn Nets?Houston Rockets
99%
What two NBA teams has he played for before Brooklyn Nets?Oklahoma City Thunder
97%
Which two other MVPs has he been teammates with?Kevin Durant
95%
Which two other MVPs has he been teammates with?Russell Westbrook
95%
What is his nickname?The {Beard}
91%
What jersey number does he wear?13
87%
What shoe company sponsors him?Adidas
77%
What NBA award did he win in 2012?Sixth Man of the Year
68%
James Harden also holds the NBA record for the most of these in a single-season.
(Hint: it's not a good thing)
Turnovers
60%
What country did James Harden apologize to when his team's general manager
made a tweet supporting freedom in 2019?
China
48%
What state was he born in?California
46%
What move has he perfected that looks like a travel but apparently isn't?{Euro}-step
45%
Name one of the two players chosen above Harden in the 2009 draft.Blake Griffin /
Hasheem Thabeet
44%
What college did he play for?Arizona State
40%
Harden is the NBA's all-time leader in this type of play, having passed
Jamal Crawford in 2019.
Four-point play
20%

Score Distribution

Percentile by Number Answered

Percent of People with Each Score

Your Score History

You have not taken this quiz since the last reset